000 00462nam a2200181Ia 4500
001 3976
005 20260306145722.0
008 260306t2018||||xx |||||||||||||| ||spa||
041 _aESP
082 _a306.08985
_bM86
100 _aMoraña, Mabel
_eAUT
245 0 _aEntre incas y pishtacos:
_bestudios sobre literatura y cultura peruana
260 _c2018
300 _a438 páginas :
_c24 cm.
650 _aGEN
654 _aCHU
942 _cLIB
_dJUS
_fJUS
_2ddc
_n
999 _c3976
_d3976